000 01005nam0a22002531 4500
001 rc\2780451
005 20250806210030.0
035 _a(NLR Aleph) 006906688
090 _a15067
_c15067
100 _a20110915d1942 u y0rusy50 ca
101 0 _arus
102 _aRU
105 _aa z |||||
200 1 _aТехнические указания к сборке и пользованию аппаратом для вытяжения переломов нижних конечностей
_fПроф. С. С. Юдин
_gНар. ком. здравоохранения СССР. Ин-т им. Склифосовского
210 _aМосква
_cМедгиз
_d1942
215 _a16 с.
_cил.
_d22 см.
700 1 _aЮдин
_bС.С.
_f1891-1954
_gСергей Сергеевич
801 0 _aRU
_bNLR
_gpsbo
801 1 _aRU
_bELAR
_2rusmarc
852 _aNLR
_jМд40 Г-6/26
942 _cBOOK
945 _aРоссийская национальная библиотека
980 _aNB
980 _aBV